000 01541nam a2200457 i 4500
001 31890
003 KOSZ 005
005 20221228122127.0
008 980713s1997 pl a |000 0 pol
015 _aUWD 1997/9778
020 _a8370177255
035 _a991004988939705066
035 _a(PL-WaBN)b11310868-48omnis_nlop
035 _ab11310868
035 _a(OCoLC)749565178
035 _azz2005826800
035 _a(PL)b0000001131086
035 _a(EXLNZ-48OMNIS_NETWORK)9910187033705606
040 _aWA N
_cWA N
_dKOSZ 005/HR
046 _k1997
080 _a338.22(1-662)
080 _a(075.8)
245 0 0 _aPolityka gospodarcza /
_cpod red. Henryka Ćwiklińskiego ; [poszczeg. rozdz. napisali H. Ćwikliński et al.].
250 _aWyd. 2 zm. i uzup.
260 _aGdańsk :
_bWydaw. Uniwersytetu Gdańskiego,
_c1997.
300 _a219 s. :
_bwykr. ;
_c24 cm.
336 _aTekst
_btxt
_2rdacontent
337 _aBez urządzenia pośredniczącego
_bn
_2rdamedia
338 _aWolumin
_bnc
_2rdacarrier
380 _aKsiążki
388 _a1901-2000
388 _a1989-2000
650 7 _aPolityka gospodarcza
655 7 _aPodręczniki akademickie
_2DBN
658 _aGospodarka, ekonomia, finanse
700 1 _aĆwikliński, Henryk
_d(1949- )
_eRedakcja
710 2 _aWydawnictwo Uniwersytetu Gdańskiego
_4pbl
856 _uhttp://koha.tu.koszalin.pl/cgi-bin/koha/opac-detail.pl?biblionumber=31890
_yKatalog online BPK
942 _2UKD
_cKS
999 _c31890
_d31890